Edipo Rey / (Record no. 148732)

MARC details
000 -CABECERA
campo de control de longitud fija 00657nam a2200217 u 4500
005 - FECHA Y HORA DE LA ÚLTIMA TRANSACCIÓN
campo de control 20210223131318.0
008 - ELEMENTOS DE LONGITUD FIJA--INFORMACIÓN GENERAL
campo de control de longitud fija 100617s2008 cl r 000 0 spa d
020 ## - NÚMERO INTERNACIONAL NORMALIZADO PARA LIBROS
Número Internacional Estándar del Libro 9972895114
035 ## - NÚMERO DE CONTROL DEL SISTEMA
Número de control de sistema UPN01000176629
049 ## - COLECCIÓN
Colección CG
050 #4 - SIGNATURA TOPOGRÁFICA DE LA BIBLIOTECA DEL CONGRESO
Número de clasificación PA4415 S9
Número de documento/Ítem E3.4a
100 0# - ASIENTO PRINCIPAL--NOMBRE PERSONAL
Nombre de persona Sófocles,
Fechas asociadas al nombre 496-406 a.C.
9 (RLIN) 30767
245 10 - MENCIÓN DE TÍTULO
Título Edipo Rey /
Mención de responsabilidad, etc. Sófocles ; tr. de Ciro Alegría Varona.
260 ## - PUBLICACIÓN, DISTRIBUCIÓN, ETC.
Lugar de publicación, distribución, etc. Bogotá :
Nombre del editor, distribuidor, etc. Norma,
Fecha de publicación, distribución, etc. 2008.
300 ## - DESCRIPCIÓN FÍSICA
Extensión 97 p.
440 #0 - MENCIÓN DE SERIE/ASIENTO SECUNDARIO--TÍTULO
Título Cara y cruz
501 ## - NOTA DE "CON"
Nota de “Con” Publicado con: Sófocles : Vida y obra.-- Bogotá : Norma, 2008
650 #4 - ASIENTO SECUNDARIO DE MATERIA - TERMINO TEMATICO
Término de materia o nombre geográfico como elemento de entrada EDIPO (MITOLOGIA GRIEGA) -
Subdivisión de forma DRAMA
9 (RLIN) 17100
740 0# - ASIENTO SECUNDARIO - TÍTULOS RELACIONADOS /ANALITICOS NO CONTROLADOS
Título relacionado o analítico no controlado Sófocles : vida y obra
905 ## - TIPO DE MATERIAL
Tipo de material Libro
Holdings
Estado de retiro Estado de pérdida Fuente del sistema de clasificación o colocación Estado dañado No para préstamo Código de colección Localización permanente Ubicación/localización actual Ubicación en estantería Total de préstamos Clasificación Código de barras Fecha visto por última vez Número de copia Tipo de ítem Koha
    Library of Congress Classification     Colección General Bib. Gregorio Torres Quintero Bib. Gregorio Torres Quintero Planta baja 2 PA4415 S9E3.4a 273347 31/12/2020 1 Libro